000 00906nam a22002297a 4500
001 8002
003 FISKH
005 20250818144726.0
008 250818b cb ||||| |||| 00| 0 eng d
040 _aFISKH
_beng
_cFISKH
_dFISKH
082 _a823.912
100 _aBlyton, Enid
245 _aThe wishing feather /
260 _aLondon :
_bAward Publication,
_c1984.
300 _a21 pages :
_bcolor illustrations ;
_c24 cm
505 _aL
520 _aThis is a short, gentle story written for very young children. It tells of a magical feather that grants wishes. A child finds it and makes a few innocent wishes, leading to small adventures and delightful surprises. The story carries Enid Blyton’s usual charm, focusing on imagination, kindness, and the magic of simple things.
521 8 _a510
_bLexile estimate
521 8 _aL
_bRaz-Plus
942 _2ddc
_cBK
_n0
999 _c8002
_d8002